00591nam a2200157Ia 450000500170000000800410001708200130005810000190007124501120009026000370020230000130023950000610025294200060031395200990031999900150041820250508013129.0240331s9999 xx 000 0 und d bARUa894 aArunachalam, P 0aPaththinith deivangalum paraththayarveedhigalum :btholkapiyar muthal siththar varai pengalin chiththareppu aChennaibSouth Asian Booksc1993 a267 p ., aTholkapiyar Muthal Siththar Varai Pengalin Chiththareppu cL 001040708LaWERCLbWERCLcSSCd2024-03-31l0o 894.811 ARUp3216r2024-03-31w2024-03-31yL c4370d4370